Statistics for NFL Pro Bowl QB/RB/WR since 2012

Click here to take the quiz!

General Stats

  • This quiz has been taken 1,137 times
    (1,019 since last reset)
  • The average score is 78 of 140

Answer Stats

% Correct
2012 | 2013 | 2014 | +4 othersTom Brady
97%
2012Eli Manning
86%
2013 | 2014 | 2015Peyton Manning
86%
2012 | 2014 | 2018Drew Brees
85%
2012 | 2013 | 2015 | +2 othersAaron Rodgers
84%
2013 | 2015 | 2016 | +2 othersJulio Jones
78%
2014 | 2015 | 2016 | +2 othersAntonio Brown
75%
2012 | 2013 | 2014 | +2 othersCalvin Johnson
75%
2013 | 2014Andre Johnson
74%
2017David Johnson
74%
2014 | 2016 | 2018Russell Wilson
74%
2012 | 2015 | 2016 | +2 othersBen Roethlisberger
73%
2012Steve Smith
73%
2012 | 2014 | 2018Philip Rivers
71%
2013 | 2014 | 2016Adrian Peterson
66%
2013 | 2017Matt Ryan
65%
2017Devonta Freeman
62%
2014 | 2016Cam Newton
59%
2014 | 2015Demaryius Thomas
58%
2018Michael Thomas
58%
2016 | 2018DeAndre Hopkins
57%
2015 | 2017 | 2018Le'Veon Bell
57%
2015Andrew Luck
55%
2016 | 2017Odell Beckham Jr.
55%
2018Carson Wentz
54%
2017Dak Prescott
52%
2012 | 2013 | 2014 | +4 othersA.J. Green
50%
2013 | 2014 | 2015Marshawn Lynch
50%
2016 | 2018Todd Gurley
50%
2012 | 2014 | 2015 | +3 othersLeSean McCoy
49%
2018Keenan Allen
48%
2012 | 2016 | 2017 | 2018Larry Fitzgerald
48%
2015 | 2017DeMarco Murray
46%
2017Derek Carr
45%
2016Carson Palmer
44%
2012 | 2013 | 2014Frank Gore
43%
2015Jordy Nelson
40%
2017Mike Evans
39%
2015Tony Romo
39%
2014 | 2015Dez Bryant
38%
2013 | 2014 | 2015Jamaal Charles
37%
2018Mark Ingram
37%
2014Josh Gordon
36%
2018Adam Thielen
34%
2012 | 2013 | 2014 | 2016Brandon Marshall
34%
2012 | 2013Ray Rice
34%
2018Kareem Hunt
33%
2013Robert Griffin III
33%
2015 | 2017T.Y. Hilton
33%
2017Amari Cooper
32%
2012 | 2013 | 2015Arian Foster
32%
2016Devonta Freeman
30%
2012 | 2014Matt Forte
28%
2012 | 2013Wes Welker
28%
2016Doug Martin
27%
2013Matt Schaub
25%
2012Maurice Jones-Drew
24%
2013Reggie Wayne
24%
2016Johnathan Stewart
20%
2013Victor Cruz
18%
2012Greg Jennings
16%
2017Ezekiel Elliot
12%
2012Mike Wallace
12%
2018Alvin Kamara
3%

Score Distribution

Percentile by Number Answered

Percent of People with Each Score

Your Score History

You have not taken this quiz since the last reset